000 01409nam a2200241Ia 4500
008 130821s2007 xxu gs eng
040 _aCo-BoUCM
_bspa
041 0 0 _aeng
092 _aDVD 0656
245 0 4 _aThe Great debaters
_c[DDV]
_cDirector Denzel Washington
260 _aWashington D.C. (Estados Unidos)
_bMiramax Films / Harpo Films / Marshall Production
_c2007
300 _a1 DVD
508 _aGUIÓN Robert Eisele, Suzan-Lori Parks ; MÚSICA Peter Golub, James Newton Howard ; FOTOGRAFÍA Philippe Rousselot
511 _aDenzel Washington, Forest Whitaker, Kimberly Elise, Jermaine Williams, Nate Parker, Justice Leak, J.D. Evermore, Charissa Allen, Robert X. Golphin, Gina Ravera, Jurnee Smollett
520 _aDrama basado en la historia real de Mel Tolson, un profesor de Historia Afroamericana en el Wiley College de Texas, quien en 1935 inspiró a sus estudiantes a formar el primer equipo de debate del colegio, que luego se enfrentaría en la final a Harvard en el campeonato nacional.
546 _aAudio en inglés y francés ; subtítulos en español
586 _a2007: Nominada al Globo de Oro: Mejor película Drama
650 0 4 _aEntretenimiento
_926487
650 0 4 _aOradores
_xCine
_vDVD
_920794
650 0 4 _aOratoria
_xCine
_vDVD
_920798
856 0 4 _uhttp://www.youtube.com/watch?v=JnezpSJwr8c
_zSiga este vínculo para ver el trailer.
942 _cMULTIMEDIA
_2LOCAL
_a11
_e1
999 _c72750
_d72750